Catalog

Record Details

Catalog Search


Back To Results
Showing Item 250 of 1052

Scale Space and Variational Methods in Computer Vision First International Conference, SSVM 2007, Ischia, Italy, May 30 - June 2, 2007. Proceedings  Cover Image E-book E-book

Scale Space and Variational Methods in Computer Vision First International Conference, SSVM 2007, Ischia, Italy, May 30 - June 2, 2007. Proceedings

Sgallari, Fiorella. (editor.). Murli, Almerico. (editor.). Paragios, Nikos. (editor.). SpringerLink (Online service) (Added Author).

Record details

  • ISBN: 9783540728238
  • Physical Description: access
    electronic
    electronic resource
    remote
    XV, 931 p. Also available online. online resource.
  • Publisher: Berlin, Heidelberg : Springer Berlin Heidelberg, 2007.
Subject: Computer science
Computer software
Electronic data processing
Artificial intelligence
Computer graphics
Computer vision
Optical pattern recognition
Computer Science
Image Processing and Computer Vision
Computer Graphics
Pattern Recognition
Artificial Intelligence (incl. Robotics)
Numeric Computing
Algorithm Analysis and Problem Complexity

Electronic resources


LDR 02173nam a22005535i 4500
00134052
003CONS
00520131220044900.0
007cr nn 008mamaa
008100301s2007 gw | s |||| 0|eng d
020 . ‡a9783540728238 ‡9978-3-540-72823-8
0247 . ‡a10.1007/978-3-540-72823-8 ‡2doi
035 . ‡a(DE-He213)978-3-540-72823-8
050 4. ‡aTA1637-1638
050 4. ‡aTA1637-1638
072 7. ‡aUYT ‡2bicssc
072 7. ‡aUYQV ‡2bicssc
072 7. ‡aCOM012000 ‡2bisacsh
072 7. ‡aCOM016000 ‡2bisacsh
1001 . ‡aSgallari, Fiorella. ‡eeditor.
24510. ‡aScale Space and Variational Methods in Computer Vision ‡h[electronic resource] : ‡bFirst International Conference, SSVM 2007, Ischia, Italy, May 30 - June 2, 2007. Proceedings / ‡cedited by Fiorella Sgallari, Almerico Murli, Nikos Paragios.
264 1. ‡aBerlin, Heidelberg : ‡bSpringer Berlin Heidelberg, ‡c2007.
300 . ‡aXV, 931 p. Also available online. ‡bonline resource.
336 . ‡atext ‡btxt ‡2rdacontent
337 . ‡acomputer ‡bc ‡2rdamedia
338 . ‡aonline resource ‡bcr ‡2rdacarrier
347 . ‡atext file ‡bPDF ‡2rda
4901 . ‡aLecture Notes in Computer Science, ‡x0302-9743 ; ‡v4485
650 0. ‡aComputer science.
650 0. ‡aComputer software.
650 0. ‡aElectronic data processing.
650 0. ‡aArtificial intelligence.
650 0. ‡aComputer graphics.
650 0. ‡aComputer vision.
650 0. ‡aOptical pattern recognition.
65014. ‡aComputer Science.
65024. ‡aImage Processing and Computer Vision.
65024. ‡aComputer Graphics.
65024. ‡aPattern Recognition.
65024. ‡aArtificial Intelligence (incl. Robotics).
65024. ‡aNumeric Computing.
65024. ‡aAlgorithm Analysis and Problem Complexity.
7001 . ‡aMurli, Almerico. ‡eeditor.
7001 . ‡aParagios, Nikos. ‡eeditor.
7102 . ‡aSpringerLink (Online service)
7730 . ‡tSpringer eBooks
77608. ‡iPrinted edition: ‡z9783540728221
830 0. ‡aLecture Notes in Computer Science, ‡x0302-9743 ; ‡v4485
85640. ‡uhttp://biblioteca.ipicyt.edu.mx:2048/login?url=http://dx.doi.org/10.1007/978-3-540-72823-8 ‡yTexto completo ‡9CONS
950 . ‡aComputer Science (Springer-11645)
901 . ‡a34052 ‡b ‡c34052 ‡tbiblio ‡sSystem Local
Back To Results
Showing Item 250 of 1052

Additional Resources